Darts General Knowledge - Statistics

General Stats
  • This quiz has been taken 200 times
  • The average score is 14 of 21
Answer Stats
Question Answer % Correct
Which player won the most World Championships? Phil Taylor
98%
Which player amazes the crowd with his Walk-on song "Mr. Brightside"? Nathan Aspinall
88%
Which player is called "The Green Machine"? Michael Van Gerwen
87%
How many 9-Dart-Finishes did Luke Littler throw in his debut season? Four
83%
Where does the World Championship take place? Alexandra Palace
80%
Who holds the record for the highest set average in a World Championship match with 140.91? Luke Littler
80%
Who has "Don't stop the party" as his Walk-On song? Peter Wright
77%
And what is his nickname? Snakebite
75%
Who is the "Queen of the palace"? Fallon Sherrock
74%
Who has the nickname "The Ferret"? Jonny Clayton
74%
Who is the player with the most 9-Dart-Finishes against him? James Wade
70%
Who was the first non English World Champion? John Part
69%
From which country is he? Canada
68%
Who threw the 9-Dart-Finish in the greatest leg of all time? Michael Smith
68%
Who is the Master of Ceremonies in the PDC? John McDonald
67%
Which player is famous for miscounting? Jose de Sousa
64%
Which player is called "The Wall"? Martin Schindler
63%
Who was the first World Champion in the PDC? Dennis Priestly
58%
What was the former profession of Rob Cross? Electrician
57%
How far away is the oche from the board? 2,37m
36%
How is the World Championship trophy named? Sid Wadell Trophy
9%
No matching quizzes found
Score Distribution
Percent of People with Each Score
Percentile by Number Answered
Your Score History
You have not taken this quiz